000 00447nam a22001697a 4500
003 NUST - PNEC
005 20170116180926.0
008 150905b xxu||||| |||| 00| 0 eng d
020 _a9693503155
040 _cLIBRARY
082 _a891.4393 TAR
100 _98026
_aTarar, Mustansar Hussain
245 _aPyar ka pehla shaher
_cMustansar Hussain tarar
260 _c2012
650 _98028
_aGeneral Books
_xUrdu Literature
942 _2ddc
_cBK
999 _c65776
_d65776